Score 0/40 Timer 08:00
0 Plays Today
% Correct
Love
91.4%
Mom
91.2%
Dad
90%
Friend
89.2%
Boyfriend
87.5%
Girlfriend
87.3%
Stupid
85.2%
Hello
83%
Fine
82.6%
What
79.6%
We
79.4%
Me
78%
Crazy
74.4%
You
71.8%
Cute
71.6%
Tears
71.5%
Clap
71.5%
Beautiful
71.1%
Cat
69.8%
Blood
68.4%
% Correct
Last
66%
Everyday
64.8%
Song
63.2%
Sun
61.3%
Red
61.3%
Rain
60.1%
Fire
59.8%
Girl
59.1%
Night
58.8%
Boy
56.9%
Star
56.2%
Lie
56%
Flower
54.3%
Strange
52.7%
Wind
52.6%
Light
51.5%
Awkward
46.9%
Sweet
45.5%
Lyrics
44.5%
Fate
44.3%
Remove Ads.
Support Sporcle.
Get the best of Sporcle when you Go Orange. This ad-free experience offers more features, more stats, and more fun while also helping to support Sporcle. Thank you for becoming a member.

You're not logged in!

Compare scores with friends on all Sporcle quizzes.
OR
Log In

Show Comments

Extras

Top Quizzes Today


Score Distribution

Your Account Isn't Verified!

In order to create a playlist on Sporcle, you need to verify the email address you used during registration. Go to your Sporcle Settings to finish the process.

Report this User

Report this user for behavior that violates our Community Guidelines.

Details: